Taylor Swift - Midnights (The Til Dawn Edition) - Statistiken

Allgemein
  • Dieses Quiz wurde 344 mal gespielt
  • Das Durchschnittsergebnis liegt bei 16 aus 23
Antwortstatistiken
Nein Track % Korrekt
1 Lavender Haze
94%
3 Anti-Hero
93%
11 Karma
88%
23 Karma
88%
2 Maroon
84%
6 Midnight Rain
83%
4 Snow On The Beach
81%
22 Snow On The Beach
81%
5 You're On Your Own, Kid
78%
16 Paris
76%
13 Mastermind
74%
9 Bejeweled
70%
8 Vigilante Shit
69%
14 The Great War
65%
20 Dear Reader
59%
7 Question..?
59%
19 Would've, Could've, Should've
59%
21 Hits Different
56%
10 Labyrinth
56%
18 Glitch
53%
12 Sweet Nothing
51%
15 Bigger Than The Whole Sky
48%
17 High Infidelity
41%
Keine übereinstimmenden Quizze gefunden
Verteilung der Resultate
Anzahl Personen mit jedem Resultat
Perzentil nach korrekt beantworteten Fragen
Ihre Resultats-Entwicklung
Sie haben dieses Quiz noch nicht gespielt